| 000 | 00479nam a2200181 4500 | ||
|---|---|---|---|
| 003 | SEACOMEC | ||
| 005 | 20260331160016.0 | ||
| 008 | 260331b |||||||| |||| 00| 0 eng d | ||
| 020 |
_a978-8185099156 _c240 |
||
| 040 | _aSEACOMEC | ||
| 082 |
_a621.9 _bSK998 |
||
| 100 | _aS K Hajra Choudhury | ||
| 245 |
_aElements Of Workshop Technology _cHajra Choudhury, S K |
||
| 260 |
_aMumbai _bMedia Promoters _c2007 |
||
| 300 | _aV1 | ||
| 650 | _aManufacturing engineering | ||
| 942 | _cGBK | ||
| 999 |
_c2644 _d2644 |
||